Thanksgiving : (Record no. 112861)
[ view plain ]
| 000 -LEADER | |
|---|---|
| fixed length control field | 00709nam a2200205 a 4500 |
| 001 - CONTROL NUMBER | |
| control field | 4128 |
| 005 - DATE AND TIME OF LATEST TRANSACTION | |
| control field | 20140414131954.0 |
| 008 - FIXED-LENGTH DATA ELEMENTS--GENERAL INFORMATION | |
| fixed length control field | 090209s19uu xx 00 eng d |
| 020 ## - INTERNATIONAL STANDARD BOOK NUMBER | |
| International Standard Book Number | 1-56065-328-0 |
| 050 ## - LIBRARY OF CONGRESS CALL NUMBER | |
| Classification number | TR 394.2 |
| Item number | H59 1996 |
| 100 ## - MAIN ENTRY--PERSONAL NAME | |
| Personal name | Hintz, Martin |
| 245 ## - TITLE STATEMENT | |
| Title | Thanksgiving : |
| Statement of responsibility, etc | by Martin Hintz and Kate Hintz. |
| Remainder of title | why we celebrate it the way we do / |
| 260 ## - PUBLICATION, DISTRIBUTION, ETC. (IMPRINT) | |
| Place of publication, distribution, etc | Mankato, Minnesota : |
| Name of publisher, distributor, etc | Capstone Press, |
| Date of publication, distribution, etc | c1996. |
| 300 ## - PHYSICAL DESCRIPTION | |
| Extent | 48 p. : col., ill. cm. |
| 500 ## - GENERAL NOTE | |
| General note | Includes bibliographical references and index. |
| 520 ## - SUMMARY, ETC. | |
| Summary, etc | Describes the origins of thanksgiving and how we celebrate the holiday. |
| 650 ## - SUBJECT ADDED ENTRY--TOPICAL TERM | |
| Topical term or geographic name as entry element | Thanksgiving day |
| General subdivision | Juvenile literature. |
| 700 ## - ADDED ENTRY--PERSONAL NAME | |
| Personal name | Hintz, Kate |
| Withdrawn status | Lost status | Damaged status | Home library | Current library | Shelving location | Date acquired | Source of acquisition | Total Checkouts | Full call number | Barcode | Date last seen | Price effective from | Koha item type |
|---|---|---|---|---|---|---|---|---|---|---|---|---|---|
| Munich Library | Munich Library | Teachers Reference Section | 02/09/2009 | TR 394.2 H59 1996 | M4266 | 04/14/2014 | 04/14/2014 | Books |